000 01457cad a22002055a 4500
001 L153830
008 110912s2011 xxk f 000 0 eng d
035 _a(Sirsi) u153830
041 0 _aeng
110 2 _aKnight Frank
_91530
245 0 0 _aLondon hotspots
_bresidential development opportunity areas
_h[electronic resource]
260 _aLondon
_bKnight Frank
_c2011
520 _aIdentifies 13 residential development hotspots in London. Predicts that prices for new-build properties in these hotspots will outperform the 30% increase in prices expected in the prime central London market between now and the end of 2015. Regeneration, new transport links such as Crossrail and supply and demand are key factors affecting value in these areas. Lists hotspots such as City of London and Eastern fringe, City road corridor, Earls Court, Farringdon, Hammersmth, King's Cross, Marylebone/Fitrovia, Mid-town, Nine Elms, Paddington and Bayswater, Southbank, Blackfriars, Victoria and White City and Westfield.
590 _aKA NTK
651 4 _aLondon
690 _aPROPERTY-RESIDENTIAL PROPERTY-RESIDENTIAL PROPERTY MARKET
690 _aPROPERTY-RESIDENTIAL PROPERTY-RESIDENTIAL PROPERTY FINANCE AND INVESTMENT
856 4 0 _uhttps://www.knightfrank.co.uk/news/London?s-residential-development-hotspots-to-outperform-prime-central-London-property-by-2016-0692.aspx
_zView the item free of charge (via press release) at www.knightfrank.co.uk
942 _n0
999 _c112717
_d112717